Scrubs QUIZ - Statistics

General Stats
  • This quiz has been taken 534 times
  • The average score is 7 of 15
Answer Stats
Hint Answer % Correct
What is Dr. Cox's nickname for Elliot? Barbie
88%
What is JD's favorite alcoholic drink? Appletini
85%
Who is the last person to say goodbye to Laverne? Carla
76%
What does Ben Sullivan carry with him all the time? Camera
72%
In J.D.'s family, when someone dies, what do they bring to break the news to each other? A cake
66%
What does JD name his scooter? Sasha
63%
What does JD get to name Dr. Cox's Daughter? Jennifer Dylan
58%
What is the name of Dr. Kelso's wife? Enid
51%
What song does Turk audition for the Air Band with? Poison
39%
What does the Janitor use to drive people crazy who get a new office? A picture
37%
Where did The Todd go to medical school? Bahamas
34%
What is JD's "wrestler" name? The Intern
23%
What do Turk and Elliot nickname HIV? The Hivey
16%
When Carla finds Rowdy in her closet, turk tells her that Rowdy was guarding her what? Shoes
15%
What is the name of JD's Volvo? Malik
11%
No matching quizzes found
Score Distribution
Percent of People with Each Score
Percentile by Number Answered
Your Score History
You have not taken this quiz